Japan statistical yearbook 2016
Uložené v:
| Médium: | Kniha |
|---|---|
| Jazyk: | English Japanese |
| Vydavateľské údaje: |
Tokyo
Statistics Bureau Ministry of Internal Affairs and Communications
2015
|
| Predmet: | |
| Tagy: |
Žiadne tagy, Buďte prvý, kto otaguje tento záznam!
|
MARC
| LEADER | 00000nam$a2200000$$$4500 | ||
|---|---|---|---|
| 001 | 0212840 | ||
| 005 | 20240517074037.2 | ||
| 022 | |a 0389-9004 | ||
| 041 | 0 | |a eng | |
| 041 | 0 | |a jpn | |
| 044 | |a JP | ||
| 245 | 1 | 0 | |a Japan statistical yearbook 2016 |
| 264 | 1 | |a Tokyo |b Statistics Bureau Ministry of Internal Affairs and Communications |c 2015 | |
| 300 | |a 963 s. | ||
| 610 | 2 | 0 | |a Japonsko |
| 610 | 2 | 0 | |a geografia |
| 610 | 2 | 0 | |a populácia |
| 610 | 2 | 0 | |a makroekonomika |
| 610 | 2 | 0 | |a podnikanie |
| 610 | 2 | 0 | |a sektory hospodárske |
| 610 | 2 | 0 | |a trh práce |
| 610 | 2 | 0 | |a spoločnosť |
| 610 | 2 | 0 | |a kultúra |